[Event "RUS-ch Blitz Men 2018"]
[Site "Sochi"]
[Date "2018.10.07"]
[Round "10"]
[White "Gochelashvili, David"]
[Black "Balashov, Yuri S"]
[Result "1/2-1/2"]
[WhiteElo "2419"]
[BlackElo "2429"]
[Annotator "TA"]
[PlyCount "111"]
[EventDate "2018.10.07"]
[EventType "swiss"]
[EventCountry "RUS"]
[SourceTitle "playchess.com"]
[Source "ChessBase"]
[SourceQuality "1"]

1. e4 e5 2. Nf3 Nc6 3. Bc4 Nf6 4. d3 Be7 5. O-O O-O 6. Re1 d6 7. c3 h6 8. Nbd2 Na5 9. Bb5 a6 10. Ba4 b5 11. Bc2 c5 12. Nf1 Re8 13. Ne3 Bf8 14. h3 d5 15. exd5 Nxd5 16. Nxd5 Qxd5 17. d4 Bb7 18. Be4 Qd7 19. Bxb7 Qxb7 20. dxe5 Rad8 21. Qc2 Qd5 22. Bf4 Qd3 23. Qxd3 Rxd3 24. Rad1 Red8 25. Rxd3 Rxd3 26. e6 fxe6 27. Rxe6 Nc4 28. b3 Nd6 29. Kf1 Kf7 30. Ne5+ Kxe6 31. Nxd3 Ne4 32. c4 Nc3 33. a3 bxc4 34. bxc4 Na4 35. Be3 Kd6 36. g4 Kc6 37. f4 Nb6 38. Nb2 g6 39. f5 gxf5 40. gxf5 Bg7 41. Bc1 Bxb2 42. Bxb2 Nxc4 43. Bc1 Kd5 44. Bxh6 Nxa3 45. f6 Ke6 46. Be3 c4 47. Bd4 Nb5 48. Ba1 c3 49. Ke2 Nd4+ 50. Kd3 c2 51. Bb2 Nf3 52. Kxc2 Ng5 53. h4 Ne4 54. h5 Nxf6 55. h6 Nh7 56. Kb3 1/2-1/2

[Event "RUS-ch Blitz Men 2018"]
[Site "Sochi"]
[Date "2018.10.07"]
[Round "10"]
[White "Vastrukhin, Oleg"]
[Black "Gutenev, Alexander"]
[Result "1-0"]
[WhiteElo "2413"]
[BlackElo "2456"]
[Annotator "TA"]
[PlyCount "119"]
[EventDate "2018.10.07"]
[EventType "swiss"]
[EventCountry "RUS"]
[SourceTitle "playchess.com"]
[Source "ChessBase"]
[SourceQuality "1"]

1. g3 Nf6 2. Bg2 g6 3. c4 Bg7 4. Nc3 O-O 5. e3 c6 6. Nge2 d5 7. b3 Bf5 8. O-O Bd3 9. cxd5 Nxd5 10. Bb2 Na6 11. Re1 Nab4 12. Nxd5 cxd5 13. Bxg7 Kxg7 14. Nf4 Bc2 15. Qc1 Bf5 16. Qc3+ e5 17. Qxb4 exf4 18. Qxf4 Be6 19. Rac1 Rc8 20. Qd4+ Kg8 21. Qxa7 Ra8 22. Qxb7 Rxa2 23. Qb4 Qf6 24. Qc3 Qe7 25. Ra1 Rxa1 26. Rxa1 Rc8 27. Qd4 Qb7 28. b4 h5 29. h4 Qb5 30. Bf1 Qc6 31. b5 Qd6 32. b6 Rb8 33. Rb1 Bf5 34. Rb2 Qc6 35. Qc3 Rxb6 36. Qxc6 Rxc6 37. Be2 Rc1+ 38. Kg2 Kg7 39. Bf3 Rc5 40. d4 Ra5 41. Be2 Be4+ 42. Bf3 Bf5 43. Rb6 Be6 44. Rc6 Ra7 45. Rc5 Rd7 46. Be2 Kf6 47. f3 Ke7 48. g4 hxg4 49. fxg4 Kd6 50. Kg3 Ra7 51. h5 gxh5 52. gxh5 Ra3 53. Kf4 Ra2 54. Bf3 Rh2 55. Ra5 Rh4+ 56. Kg3 Rh3+ 57. Kg2 Rh4 58. Ra6+ Ke7 59. Rxe6+ fxe6 60. Kg3 1-0

[Event "RUS-ch Blitz Men 2018"]
[Site "Sochi"]
[Date "2018.10.07"]
[Round "10"]
[White "Murzin, Volodar"]
[Black "Sychev, Klementy"]
[Result "0-1"]
[WhiteElo "2340"]
[BlackElo "2534"]
[Annotator "TA"]
[PlyCount "114"]
[EventDate "2018.10.07"]
[EventType "swiss"]
[EventCountry "RUS"]
[SourceTitle "playchess.com"]
[Source "ChessBase"]
[SourceQuality "1"]

1. e4 e5 2. Nf3 Nc6 3. Bc4 Nf6 4. d3 Bc5 5. O-O O-O 6. c3 d5 7. exd5 Nxd5 8. Re1 Bg4 9. h3 Bh5 10. Nbd2 Nb6 11. Bb5 Bd6 12. Ne4 f5 13. Ng3 Bxf3 14. Qxf3 Qd7 15. Bd2 Rae8 16. Rad1 a6 17. Bxc6 bxc6 18. Bc1 Nd5 19. a3 e4 20. dxe4 fxe4 21. Qg4 Qxg4 22. hxg4 e3 23. Nf5 exf2+ 24. Kxf2 Rxe1 25. Kxe1 Bc5 26. c4 Nf6 27. Be3 Nxg4 28. Bxc5 Rxf5 29. Rd8+ Kf7 30. b4 Ne5 31. Rc8 Nd3+ 32. Ke2 Nxc5 33. Rxc7+ Kf6 34. bxc5 Rxc5 35. Kd3 h5 36. Kd4 Ra5 37. Rxc6+ Ke7 38. Rg6 Kf7 39. Rg3 h4 40. Rf3+ Ke6 41. Rh3 g5 42. Ke4 Re5+ 43. Kd4 Re2 44. Re3+ Rxe3 45. Kxe3 g4 46. Kf4 h3 47. gxh3 gxh3 48. Kg3 Ke5 49. Kxh3 Kd4 50. Kg3 Kxc4 51. Kf3 Kb3 52. Ke3 Kxa3 53. Kd4 Kb4 54. Kd3 Kb3 55. Kd2 Kb2 56. Kd3 a5 57. Kc4 a4 0-1

[Event "RUS-ch Blitz Men 2018"]
[Site "Sochi"]
[Date "2018.10.07"]
[Round "10"]
[White "Inozemtsev, Sergei"]
[Black "Drygalov, Sergey"]
[Result "1-0"]
[WhiteElo "2310"]
[BlackElo "2446"]
[Annotator "TA"]
[PlyCount "56"]
[EventDate "2018.10.07"]
[EventType "swiss"]
[EventCountry "RUS"]
[SourceTitle "playchess.com"]
[Source "ChessBase"]
[SourceQuality "1"]

1. e4 c5 2. Nf3 e6 3. d3 Nc6 4. g3 g6 5. Bg2 Bg7 6. O-O Nge7 7. Qe2 d6 8. c3 O-O 9. a4 b6 10. Nbd2 Ba6 11. Rd1 d5 12. e5 Qc7 13. Re1 Rae8 14. Nf1 Nc8 15. Bf4 Qd7 16. h4 Bb7 17. N1h2 a6 18. Ng4 f6 19. exf6 Bxf6 20. Nxf6+ Rxf6 21. Ne5 Nxe5 22. Bxe5 Rf7 23. h5 Ne7 24. hxg6 Nxg6 25. f4 d4 26. cxd4 cxd4 27. b3 Bd5 28. Rac1 Bxg2 1-0

[Event "RUS-ch Blitz Men 2018"]
[Site "Sochi"]
[Date "2018.10.07"]
[Round "10"]
[White "Chizhikov, Vladislav"]
[Black "Antipov, Mikhail Al."]
[Result "0-1"]
[WhiteElo "2304"]
[BlackElo "2593"]
[Annotator "ChessBase"]
[PlyCount "100"]
[EventDate "2018.10.07"]
[EventType "swiss"]
[EventCountry "RUS"]
[SourceTitle "playchess.com"]
[Source "ChessBase"]
[SourceQuality "1"]

1. e4 c5 2. Nf3 Nc6 3. c3 Nf6 4. e5 Nd5 5. d4 cxd4 6. Bc4 e6 7. cxd4 d6 8. O-O Be7 9. Qe2 O-O 10. Rd1 a5 11. a3 a4 12. Nbd2 Nb6 13. Bd3 d5 14. Nf1 Na5 15. Rb1 Nbc4 16. Ng3 Bd7 17. Nh5 Nb3 18. Bf4 g6 19. Ng3 Rc8 20. Bh6 Re8 21. h3 b5 22. Bc2 b4 23. axb4 Rb8 24. Nh2 Rxb4 25. Ng4 Nca5 26. Be3 Rf8 27. Bh6 Nxd4 28. Rxd4 Rxd4 29. Bxf8 Kxf8 30. Qe3 Rxg4 31. hxg4 Nc4 32. Qh6+ Kg8 33. Qh2 Qb6 34. Nf1 Qd4 35. Qg3 Bc5 36. Rd1 Qxb2 37. Bd3 Nxe5 38. Qf4 Nxd3 39. Rxd3 a3 40. Rd2 Qc3 41. Qb8+ Kg7 42. Qa8 Bb5 43. Ra2 Bxf1 44. Kh2 Bd6+ 45. g3 Bc4 46. Ra1 Qxa1 47. Qa7 Be5 48. Qe3 Qd4 49. Qxa3 Qxf2+ 50. Kh1 Bd4 0-1

[Event "RUS-ch Blitz Men 2018"]
[Site "Sochi"]
[Date "2018.10.07"]
[Round "10"]
[White "Slavin, Alexey"]
[Black "Sviridov, Valery"]
[Result "0-1"]
[WhiteElo "2256"]
[BlackElo "2551"]
[Annotator "RC"]
[PlyCount "34"]
[EventDate "2018.10.07"]
[EventType "swiss"]
[EventCountry "RUS"]
[SourceTitle "playchess.com"]
[Source "ChessBase"]
[SourceQuality "1"]

1. d4 g6 2. c4 Bg7 3. Nf3 d6 4. e4 e5 5. d5 f5 6. Nc3 Nf6 7. Bd3 O-O 8. Qc2 Na6 9. Be3 Nb4 10. Qb1 Nxd3+ 11. Qxd3 fxe4 12. Nxe4 Bf5 13. Nfd2 Nxe4 14. Nxe4 Qh4 15. g4 Qxg4 16. f4 exf4 17. Rg1 Qf3 0-1

[Event "RUS-ch Blitz Men 2018"]
[Site "Sochi"]
[Date "2018.10.07"]
[Round "10"]
[White "Indzhiev, Aldar"]
[Black "Morozevich, Alexander"]
[Result "0-1"]
[WhiteElo "2218"]
[BlackElo "2656"]
[Annotator "TA"]
[PlyCount "54"]
[EventDate "2018.10.07"]
[EventType "swiss"]
[EventCountry "RUS"]
[SourceTitle "playchess.com"]
[Source "ChessBase"]
[SourceQuality "1"]

1. d4 Nf6 2. Bg5 d5 3. Bxf6 gxf6 4. Nc3 c5 5. Nf3 e6 6. e4 cxd4 7. Qxd4 Nc6 8. Bb5 Bd7 9. Bxc6 bxc6 10. e5 Bg7 11. Qg4 O-O 12. O-O Rb8 13. Rae1 Rxb2 14. Re3 Kh8 15. Qh5 h6 16. Ne2 Rb4 17. c3 Ra4 18. g3 fxe5 19. Nxe5 Be8 20. Qh3 c5 21. Nf4 Qg5 22. Kh1 Bxe5 23. Rfe1 Bg7 24. Nh5 d4 25. Re4 Bc6 26. Nxg7 Qxg7 27. f3 Bxe4 0-1

[Event "RUS-ch Blitz Men 2018"]
[Site "Sochi"]
[Date "2018.10.07"]
[Round "11"]
[White "Tomashevsky, Evgeny"]
[Black "Papenin, Nikolai"]
[Result "1-0"]
[WhiteElo "2705"]
[BlackElo "2334"]
[Annotator "TA"]
[PlyCount "59"]
[EventDate "2018.10.07"]
[EventType "swiss"]
[EventCountry "RUS"]
[SourceTitle "playchess.com"]
[Source "ChessBase"]
[SourceQuality "1"]

1. c4 Nf6 2. Nc3 d5 3. cxd5 Nxd5 4. g3 g6 5. Bg2 Nxc3 6. bxc3 Bg7 7. Rb1 Nd7 8. Nf3 O-O 9. O-O c5 10. Qb3 Nb6 11. c4 e5 12. d3 h6 13. Ba3 Qe7 14. Nd2 f5 15. Qb5 Nd7 16. Bxb7 Rb8 17. Bd5+ Kh7 18. Qa5 Rxb1 19. Rxb1 e4 20. dxe4 f4 21. Nf3 g5 22. Qxa7 g4 23. Nh4 Bd4 24. Nf5 Rxf5 25. exf5 Qxe2 26. Rf1 Kh8 27. Qc7 Qe8 28. Qxf4 Bg7 29. Bb2 Ne5 30. Bxe5 1-0

[Event "RUS-ch Blitz Men 2018"]
[Site "Sochi"]
[Date "2018.10.07"]
[Round "11"]
[White "Demchenko, Anton"]
[Black "Sarana, Alexey"]
[Result "1/2-1/2"]
[WhiteElo "2679"]
[BlackElo "2641"]
[Annotator "TA"]
[PlyCount "96"]
[EventDate "2018.10.07"]
[EventType "swiss"]
[EventCountry "RUS"]
[SourceTitle "playchess.com"]
[Source "ChessBase"]
[SourceQuality "1"]

1. e4 c5 2. Nf3 d6 3. d4 cxd4 4. Qxd4 Nc6 5. Qe3 Nf6 6. Be2 g6 7. O-O Bg7 8. h3 O-O 9. Rd1 Nd7 10. Nc3 b6 11. b3 Bb7 12. Bb2 Rc8 13. a3 Nc5 14. Rab1 Ne5 15. Nd4 a6 16. f4 Ned7 17. b4 Ne6 18. Nxe6 fxe6 19. Bg4 e5 20. Be6+ Kh8 21. f5 gxf5 22. exf5 Nf6 23. g4 Qc7 24. Rd2 Qc6 25. Kh2 Rc7 26. g5 Nh5 27. Nd5 Qc4 28. Nxc7 Qxc7 29. Rf1 Bc8 30. Bxc8 Qxc8 31. Qe4 b5 32. Rdf2 Qc7 33. Qg4 Nf4 34. Rxf4 exf4 35. Bxg7+ Kxg7 36. Rf2 d5 37. Qxf4 Qxf4+ 38. Rxf4 Rc8 39. Rf2 Rc3 40. h4 Rxa3 41. h5 Re3 42. Kg2 h6 43. f6+ exf6 44. Rxf6 hxg5 45. Rxa6 Rc3 46. Rg6+ Kh7 47. Rxg5 Rxc2+ 48. Kf3 Rc4 1/2-1/2

[Event "RUS-ch Blitz Men 2018"]
[Site "Sochi"]
[Date "2018.10.07"]
[Round "11"]
[White "Morozevich, Alexander"]
[Black "Dzhumagaliev, Yan"]
[Result "1-0"]
[WhiteElo "2656"]
[BlackElo "2410"]
[Annotator "TA"]
[PlyCount "61"]
[EventDate "2018.10.07"]
[EventType "swiss"]
[EventCountry "RUS"]
[SourceTitle "playchess.com"]
[Source "ChessBase"]
[SourceQuality "1"]

1. e4 c5 2. Nf3 e6 3. g3 Nc6 4. Bg2 d6 5. O-O Nf6 6. d3 Be7 7. c3 e5 8. d4 cxd4 9. cxd4 Bg4 10. Be3 O-O 11. d5 Na5 12. Qd3 Rc8 13. Nfd2 b5 14. Qxb5 Rb8 15. Qd3 Rxb2 16. Nc3 Qd7 17. Rfb1 Rxb1+ 18. Rxb1 Rc8 19. Nb5 Nb7 20. Nxa7 Nc5 21. Bxc5 Rxc5 22. Nc6 h5 23. h3 Rxc6 24. dxc6 Qxc6 25. hxg4 Nxg4 26. Bf3 Nf6 27. Nc4 Kh7 28. Kg2 g6 29. Ne3 Bd8 30. Nd5 Nd7 31. Qb5 1-0

[Event "RUS-ch Blitz Men 2018"]
[Site "Sochi"]
[Date "2018.10.07"]
[Round "11"]
[White "Riazantsev, Alexander"]
[Black "Panarin, Mikhail"]
[Result "0-1"]
[WhiteElo "2649"]
[BlackElo "2562"]
[Annotator "TA"]
[PlyCount "106"]
[EventDate "2018.10.07"]
[EventType "swiss"]
[EventCountry "RUS"]
[SourceTitle "playchess.com"]
[Source "ChessBase"]
[SourceQuality "1"]

1. Nf3 c5 2. e3 Nf6 3. b3 g6 4. Bb2 Bg7 5. c4 O-O 6. Be2 d6 7. O-O Nc6 8. d4 Ne4 9. Nc3 Bf5 10. Nd5 Bg4 11. h3 Bxf3 12. Bxf3 Ng5 13. Bg4 h5 14. h4 Nh7 15. Bf3 e6 16. Nc3 cxd4 17. exd4 Nxd4 18. g3 Nxf3+ 19. Qxf3 Qd7 20. Rad1 Rad8 21. Ba3 Qc6 22. Qxc6 bxc6 23. Ne4 d5 24. Bxf8 Kxf8 25. Ng5 Nf6 26. cxd5 cxd5 27. Rc1 Rd7 28. Rc8+ Ke7 29. Rfc1 Ng4 30. Nf3 Bb2 31. R1c7 Ba3 32. Nd4 Bb2 33. Nc2 d4 34. Kf1 e5 35. Nb4 e4 36. Rxd7+ Kxd7 37. Ra8 d3 38. Rxa7+ Ke6 39. Ra6+ Kf5 40. a4 Bd4 41. Rd6 Bxf2 42. a5 Ke5 43. Rd5+ Ke6 44. a6 Bb6 45. Rb5 Ne3+ 46. Ke1 Bd4 47. Nc6 Bc3+ 48. Kf2 Ng4+ 49. Kg2 d2 50. Nd8+ Ke7 51. Rd5 Ne3+ 52. Kf2 Nxd5 53. Ke2 Kxd8 0-1

[Event "RUS-ch Blitz Men 2018"]
[Site "Sochi"]
[Date "2018.10.07"]
[Round "11"]
[White "Alekseenko, Kirill"]
[Black "Artemiev, Vladislav"]
[Result "1/2-1/2"]
[WhiteElo "2639"]
[BlackElo "2706"]
[Annotator "TA"]
[PlyCount "158"]
[EventDate "2018.10.07"]
[EventType "swiss"]
[EventCountry "RUS"]
[SourceTitle "playchess.com"]
[Source "ChessBase"]
[SourceQuality "1"]

1. e4 c6 2. d4 d5 3. e5 Bf5 4. Nf3 e6 5. Be2 c5 6. Be3 Nd7 7. O-O Ne7 8. c4 dxc4 9. Na3 c3 10. Nb5 Nd5 11. Bg5 f6 12. exf6 gxf6 13. Nh4 Bg6 14. Nxg6 hxg6 15. Bc1 cxd4 16. Nxd4 Qb6 17. Bf3 Ne5 18. Bxd5 exd5 19. bxc3 Bd6 20. h3 O-O-O 21. Be3 Nc4 22. Rb1 Qa6 23. Qf3 Be5 24. Nb5 b6 25. Bd4 Kb8 26. Bxe5+ fxe5 27. Rfd1 Qb7 28. a4 a6 29. a5 axb5 30. Rxb5 Rhf8 31. Qg3 Rf6 32. Rdb1 Rdf8 33. Kh2 Kc8 34. axb6 Rc6 35. Rxd5 Nxb6 36. Rxe5 Qc7 37. f4 Nd7 38. Re4 Rb6 39. Ra1 Qc6 40. Raa4 Nc5 41. Rac4 Nxe4 42. Rxc6+ Rxc6 43. Qd3 Nc5 44. Qd5 Rff6 45. c4 Nd7 46. Qg8+ Kc7 47. Kg3 Rfd6 48. h4 Rd3+ 49. Kh2 Rd4 50. g3 Rdxc4 51. Qd5 R4c5 52. Qd3 Rc3 53. Qd5 Ra3 54. Kh3 Rcc3 55. Qg5 Rc6 56. Qe7 Ra5 57. Qg7 Rd5 58. Kg4 Kb6 59. Qb2+ Ka6 60. Qa2+ Ra5 61. Qf7 Nc5 62. Qc4+ Kb6 63. Kh3 Ra4 64. Qc2 Rb4 65. Qc3 Rb3 66. Qc4 Re6 67. Qd4 Kb5 68. Qd8 Ree3 69. Qg5 Kb4 70. Qxg6 Ne4 71. Qb6+ Ka3 72. Qa5+ Kb2 73. Kg4 Rxg3+ 74. Kh5 Nf6+ 75. Kh6 Ng4+ 76. Kh5 Ne3 77. Qe5+ Kc2 78. f5 Nxf5 79. Qxf5+ Rbd3 1/2-1/2

[Event "RUS-ch Blitz Men 2018"]
[Site "Sochi"]
[Date "2018.10.07"]
[Round "11"]
[White "Rakhmanov, Aleksandr"]
[Black "Dubov, Daniil"]
[Result "0-1"]
[WhiteElo "2634"]
[BlackElo "2703"]
[Annotator "TA"]
[PlyCount "64"]
[EventDate "2018.10.07"]
[EventType "swiss"]
[EventCountry "RUS"]
[SourceTitle "playchess.com"]
[Source "ChessBase"]
[SourceQuality "1"]

1. c4 e5 2. Nf3 d6 3. d4 Nd7 4. Nc3 c6 5. g3 g6 6. Bg2 Ngf6 7. O-O Bg7 8. e3 O-O 9. b4 exd4 10. exd4 Nb6 11. c5 Nbd5 12. Nxd5 Nxd5 13. Bg5 Bf6 14. Qd2 Bf5 15. a3 Be4 16. Bxf6 Qxf6 17. Ng5 Bxg2 18. Kxg2 Rfe8 19. Rae1 Qf5 20. h4 h6 21. Nf3 Kg7 22. cxd6 Qd7 23. Re5 Qxd6 24. Rfe1 Nf6 25. Qc3 Nd5 26. Qd2 Nf6 27. Qc3 Kg8 28. Qc5 Qxc5 29. dxc5 Kf8 30. Nd2 Rxe5 31. Rxe5 a5 32. Ne4 Nd7 0-1

[Event "RUS-ch Blitz Men 2018"]
[Site "Sochi"]
[Date "2018.10.07"]
[Round "11"]
[White "Grachev, Boris"]
[Black "Murzin, Volodar"]
[Result "1-0"]
[WhiteElo "2626"]
[BlackElo "2340"]
[Annotator "RC"]
[PlyCount "79"]
[EventDate "2018.10.07"]
[EventType "swiss"]
[EventCountry "RUS"]
[SourceTitle "playchess.com"]
[Source "ChessBase"]
[SourceQuality "1"]

1. d4 Nf6 2. Bf4 d6 3. e3 g6 4. h3 Bg7 5. Nf3 O-O 6. Nbd2 Nbd7 7. Bh2 b6 8. a4 a5 9. Bd3 Bb7 10. O-O Re8 11. c3 e5 12. Be2 Qe7 13. Nc4 e4 14. Nfd2 d5 15. Ne5 Nxe5 16. Bxe5 Rac8 17. Qb3 Nd7 18. Bxg7 Kxg7 19. Rfd1 f5 20. c4 Ba6 21. Bf1 dxc4 22. Bxc4 Bxc4 23. Nxc4 Qb4 24. Qa2 Re7 25. Rac1 c5 26. Nd6 Rc6 27. Nxf5+ gxf5 28. Rc4 cxd4 29. Rxb4 axb4 30. Qd5 Rc5 31. Qxd4+ Ne5 32. Qxb4 Nd3 33. Qxb6 Rec7 34. Qd6 Rc2 35. Rxd3 exd3 36. Qxd3 Rc1+ 37. Kh2 R7c2 38. Qxf5 Rd2 39. b4 Rcc2 40. Kg3 1-0

[Event "RUS-ch Blitz Men 2018"]
[Site "Sochi"]
[Date "2018.10.07"]
[Round "11"]
[White "Oparin, Grigoriy"]
[Black "Savchenko, Boris"]
[Result "1-0"]
[WhiteElo "2624"]
[BlackElo "2562"]
[Annotator "ChessBase"]
[PlyCount "95"]
[EventDate "2018.10.07"]
[EventType "swiss"]
[EventCountry "RUS"]
[SourceTitle "playchess.com"]
[Source "ChessBase"]
[SourceQuality "1"]

1. Nf3 d5 2. g3 Bf5 3. Bg2 e6 4. O-O Nf6 5. c4 Nc6 6. d4 dxc4 7. Nc3 Bb4 8. Nh4 O-O 9. d5 Ne5 10. Qd4 Ned7 11. Qxc4 Bxc3 12. Qxc3 Nb6 13. dxe6 Bxe6 14. e4 c6 15. Be3 Nc4 16. Bc5 Re8 17. b3 Nd6 18. Rfe1 Nb5 19. Qb2 b6 20. Rad1 Qc7 21. Be3 Rad8 22. a4 Rxd1 23. Rxd1 Rd8 24. Rxd8+ Qxd8 25. axb5 Qd1+ 26. Bf1 Bh3 27. Ng2 cxb5 28. Qd4 Qxd4 29. Bxd4 Nxe4 30. Bxb5 Nd2 31. Bc6 Nxb3 32. Be3 h6 33. Nf4 Bf5 34. Nd5 Be6 35. Nc7 Bc4 36. Nb5 a5 37. Na3 Bd3 38. Bxb6 g5 39. f3 Be2 40. Kf2 Bd3 41. Ke3 Bf1 42. Bd5 a4 43. Bc6 Nc1 44. Bxa4 Kg7 45. Bd4+ Kg6 46. Bb2 Na2 47. Bc2+ Kh5 48. Bb3 1-0

[Event "RUS-ch Blitz Men 2018"]
[Site "Sochi"]
[Date "2018.10.07"]
[Round "11"]
[White "Alekseev, Evgeny"]
[Black "Yashmetov, Mikhail"]
[Result "1-0"]
[WhiteElo "2620"]
[BlackElo "2394"]
[Annotator "RC"]
[PlyCount "63"]
[EventDate "2018.10.07"]
[EventType "swiss"]
[EventCountry "RUS"]
[SourceTitle "playchess.com"]
[Source "ChessBase"]
[SourceQuality "1"]

1. e4 c5 2. Nf3 e6 3. d4 cxd4 4. Nxd4 Nf6 5. Nc3 Nc6 6. Ndb5 Bb4 7. a3 Bxc3+ 8. Nxc3 d5 9. exd5 exd5 10. Bd3 O-O 11. O-O d4 12. Ne2 Bg4 13. Bg5 Qd6 14. Re1 Rfe8 15. Qd2 Bxe2 16. Bf4 Qd7 17. Bxe2 Ne4 18. Qd3 Nc5 19. Qc4 Qf5 20. Bg3 Rad8 21. b4 Ne6 22. Bd3 Qf6 23. Re4 Ng5 24. Ree1 Ne6 25. h4 Nf4 26. Qb5 Nxd3 27. cxd3 Re7 28. Qc5 Rxe1+ 29. Rxe1 a6 30. Qb6 h6 31. Qxb7 Rd5 32. Qxa6 1-0

[Event "RUS-ch Blitz Men 2018"]
[Site "Sochi"]
[Date "2018.10.07"]
[Round "11"]
[White "Romanov, Evgeny"]
[Black "Gordievsky, Dmitry"]
[Result "1/2-1/2"]
[WhiteElo "2614"]
[BlackElo "2615"]
[Annotator "TA"]
[PlyCount "48"]
[EventDate "2018.10.07"]
[EventType "swiss"]
[EventCountry "RUS"]
[SourceTitle "playchess.com"]
[Source "ChessBase"]
[SourceQuality "1"]

1. c4 Nf6 2. Nc3 c5 3. Nf3 e6 4. g3 b6 5. Bg2 Bb7 6. O-O Be7 7. d4 cxd4 8. Qxd4 O-O 9. Bg5 Nc6 10. Qd2 Na5 11. b3 d5 12. cxd5 Nxd5 13. Nxd5 Bxd5 14. Bxe7 Qxe7 15. Rac1 Rac8 16. Ne5 Bxg2 17. Kxg2 f6 18. Nd3 Rfd8 19. Rxc8 Rxc8 20. Rc1 Rxc1 21. Qxc1 Qd7 22. f3 Nc6 23. Qc4 Kf7 24. Kf2 Qd4+ 1/2-1/2

[Event "RUS-ch Blitz Men 2018"]
[Site "Sochi"]
[Date "2018.10.07"]
[Round "11"]
[White "Esipenko, Andrey"]
[Black "Paravyan, David"]
[Result "1-0"]
[WhiteElo "2609"]
[BlackElo "2629"]
[Annotator "TA"]
[PlyCount "59"]
[EventDate "2018.10.07"]
[EventType "swiss"]
[EventCountry "RUS"]
[SourceTitle "playchess.com"]
[Source "ChessBase"]
[SourceQuality "1"]

1. d4 d5 2. Nf3 Nf6 3. Bf4 e6 4. e3 Bd6 5. Bg3 O-O 6. Nbd2 b6 7. Bd3 Bb7 8. c3 Ne4 9. Qc2 f5 10. c4 Nd7 11. cxd5 exd5 12. O-O Qe7 13. Bxd6 Nxd6 14. Rac1 c6 15. Qa4 a5 16. Qa3 Qf6 17. Qb3 Ne4 18. Bxe4 fxe4 19. Nxe4 Qg6 20. Ng3 Qd6 21. e4 a4 22. Qc2 dxe4 23. Nxe4 Qd5 24. Rfe1 Rf4 25. Neg5 Rf5 26. Re7 Raf8 27. Ne6 R5f7 28. Nfg5 Qf5 29. Qxf5 Rxf5 30. Rxg7+ 1-0

[Event "RUS-ch Blitz Men 2018"]
[Site "Sochi"]
[Date "2018.10.07"]
[Round "11"]
[White "Chigaev, Maksim"]
[Black "Matlakov, Maxim"]
[Result "1-0"]
[WhiteElo "2599"]
[BlackElo "2683"]
[Annotator "TA"]
[PlyCount "53"]
[EventDate "2018.10.07"]
[EventType "swiss"]
[EventCountry "RUS"]
[SourceTitle "playchess.com"]
[Source "ChessBase"]
[SourceQuality "1"]

1. e4 d6 2. d4 Nf6 3. Nc3 g6 4. h3 Bg7 5. g4 O-O 6. Bg2 e5 7. Nge2 c6 8. a4 a5 9. O-O Na6 10. f4 exd4 11. Nxd4 Nc5 12. Nb3 Nxb3 13. cxb3 Qb6+ 14. Kh1 Be6 15. f5 Bxb3 16. Qxd6 Bc4 17. Re1 Rad8 18. Qg3 Rd3 19. Qh4 Nd7 20. e5 Bxe5 21. Ne4 f6 22. fxg6 hxg6 23. g5 f5 24. Nf6+ Nxf6 25. Qxc4+ Rf7 26. Qxd3 Nh5 27. Rxe5 1-0

[Event "RUS-ch Blitz Men 2018"]
[Site "Sochi"]
[Date "2018.10.07"]
[Round "11"]
[White "Antipov, Mikhail Al."]
[Black "Sychev, Klementy"]
[Result "1-0"]
[WhiteElo "2593"]
[BlackElo "2534"]
[Annotator "ChessBase"]
[PlyCount "93"]
[EventDate "2018.10.07"]
[EventType "swiss"]
[EventCountry "RUS"]
[SourceTitle "playchess.com"]
[Source "ChessBase"]
[SourceQuality "1"]

1. e4 e5 2. Nf3 Nc6 3. d4 exd4 4. Nxd4 Nf6 5. Nxc6 bxc6 6. e5 Qe7 7. Qe2 Nd5 8. b3 g6 9. c4 Ba6 10. f4 d6 11. Qd2 Nb6 12. Be2 Bg7 13. Bb2 dxe5 14. fxe5 Bxe5 15. Bxe5 Qxe5 16. Qc3 Nd7 17. Qxe5+ Nxe5 18. Nc3 O-O 19. O-O-O Rad8 20. Ne4 Bc8 21. Nc5 Kg7 22. Rhe1 Rd6 23. Kc2 Rfd8 24. Kc3 f5 25. g3 Kf6 26. Na4 g5 27. Rf1 Rxd1 28. Bxd1 h6 29. Nc5 Nf7 30. Bh5 Nd6 31. a3 Ke5 32. Re1+ Ne4+ 33. Kb4 Rd2 34. Bf3 Rxh2 35. Nxe4 fxe4 36. Bxe4 Kd4 37. Bxc6 Rh3 38. Re7 Rxg3 39. Rxc7 Bf5 40. Rxa7 Bc2 41. Ba4 h5 42. c5 h4 43. c6 Rf3 44. Rd7+ Ke3 45. c7 Rf4+ 46. Kc3 Bf5 47. c8=Q 1-0

[Event "RUS-ch Blitz Men 2018"]
[Site "Sochi"]
[Date "2018.10.07"]
[Round "11"]
[White "Rozum, Ivan"]
[Black "Kryakvin, Dmitry"]
[Result "1-0"]
[WhiteElo "2573"]
[BlackElo "2595"]
[Annotator "ChessBase"]
[PlyCount "121"]
[EventDate "2018.10.07"]
[EventType "swiss"]
[EventCountry "RUS"]
[SourceTitle "playchess.com"]
[Source "ChessBase"]
[SourceQuality "1"]

1. c4 c6 2. Nf3 d5 3. e3 Nf6 4. Nc3 g6 5. d4 Bg7 6. Be2 O-O 7. O-O b6 8. b3 Bb7 9. Bb2 Nbd7 10. Qc2 e6 11. Rad1 Qc7 12. Rfe1 Rad8 13. Ne5 Qb8 14. f4 c5 15. Bf1 Rfe8 16. Qf2 cxd4 17. exd4 Ne4 18. Qh4 Nxc3 19. Bxc3 Nf6 20. Bb2 Ne4 21. Re3 f6 22. Nd3 f5 23. Ne5 Bxe5 24. fxe5 Qc7 25. Ree1 Qe7 26. Qf4 Rc8 27. Rc1 Rc7 28. Rc2 Rec8 29. Rec1 Kg7 30. Bd3 g5 31. Qe3 h6 32. Rf1 Rf8 33. Qc1 Rf7 34. Bxe4 fxe4 35. Rcf2 Rxf2 36. Rxf2 Qe8 37. Rf6 Rf7 38. Qf1 dxc4 39. bxc4 e3 40. d5 Rxf6 41. exf6+ Kf7 42. Qd3 exd5 43. Qh7+ Ke6 44. Qxb7 dxc4 45. Qe4+ Kf7 46. Qxe8+ Kxe8 47. Kf1 b5 48. Ke2 b4 49. Bd4 a5 50. Kxe3 a4 51. Bc5 b3 52. axb3 cxb3 53. Ba3 Kf7 54. Bb2 a3 55. Bxa3 Kxf6 56. Ke4 h5 57. Bb2+ Kg6 58. Ke5 h4 59. h3 g4 60. Kf4 gxh3 61. gxh3 1-0

[Event "RUS-ch Blitz Men 2018"]
[Site "Sochi"]
[Date "2018.10.07"]
[Round "11"]
[White "Yuffa, Daniil"]
[Black "Sviridov, Valery"]
[Result "1/2-1/2"]
[WhiteElo "2563"]
[BlackElo "2551"]
[Annotator "ChessBase"]
[PlyCount "100"]
[EventDate "2018.10.07"]
[EventType "swiss"]
[EventCountry "RUS"]
[SourceTitle "playchess.com"]
[Source "ChessBase"]
[SourceQuality "1"]

1. d4 g6 2. c4 Bg7 3. Nc3 d6 4. Nf3 e5 5. e4 exd4 6. Nxd4 Nc6 7. Be3 Nge7 8. h4 O-O 9. h5 f5 10. hxg6 hxg6 11. Nxc6 bxc6 12. Qd2 fxe4 13. Bh6 Nf5 14. Bxg7 Kxg7 15. O-O-O e3 16. fxe3 Qg5 17. Re1 Ng3 18. Rg1 Be6 19. Bd3 Rab8 20. Nd1 Qe5 21. Qc3 Qxc3+ 22. Nxc3 Rf2 23. Ne2 Nxe2+ 24. Rxe2 Rbf8 25. Kd2 c5 26. Kc3 Rxe2 27. Bxe2 Re8 28. Bf3 Bf7 29. Re1 Kf6 30. a3 a5 31. b4 axb4+ 32. axb4 cxb4+ 33. Kxb4 Rb8+ 34. Kc3 Ke5 35. Ra1 c5 36. Ra7 Be6 37. Rg7 Kf6 38. Ra7 Rb4 39. Be2 Ke5 40. Rg7 Kf6 41. Ra7 Rb1 42. Bd3 Rg1 43. Ra6 Ke5 44. Bxg6 Rxg2 45. Bd3 Rg3 46. Kd2 Rg4 47. Kc3 Rg1 48. Rb6 Rg3 49. Kd2 Rg2+ 50. Kc3 Rg3 1/2-1/2